01682nam a2200433 i 450000100060000000300080000600500170001400600190003100700150005000800410006502000180010603500230012403500240014703500250017103500210019604000310021705000230024808000080027108200170027910000310029624501140032726400600044130000410050133600310054233700330057333800430060650000220064950400290067158801260070059001640082665000280099065000410101865000310105965000330109065500270112379700190115085600620116999900170123180600FlNmELB20241217151752.0m o d | cr cnu||||||||140807s2010 mx ob 001 0 spa d z9786074021745 a(MiAaPQ)EBC3221105 a(Au-PeEL)EBL3221105 a(CaPaEBR)ebr10877667 a(OCoLC)991965798 aFINmELBbspaerdacFINmELB 4aHJ6609b.M828 2010 a3340 a350.72462231 aMorales González, Pedro.10aManual de control interno y contable del agente aduanal :bcompendio didáctico /cPedro Morales González. 1aMéxico D.F. :bPlaza y Valdés, S.A. de C.V.,c2010. a1 recurso en línea (237 páginas) atextobtxt2rdacontent/spa acomputadorabc2rdamedia/spa arecurso en líneabcr2rdacarrier/spa aIncluye índice. aContiene bibliografía. aDescripción basada en recurso en línea; Título de la página del título en PDF (e-libro, visto August 07, 2014). aRecurso electrónico. Santa Fe, Arg.: e-libro, 2015. Disponible vía World Wide Web. El acceso puede estar limitado para las bibliotecas afiliadas a e-libro. 0aCustoms administration. 0aAccountingvHandbooks, manuals, etc. 4aAdministración aduanera. 4aContabilidadvManuales, etc. 4aLibros electrónicos.2 ae-libro, Corp.40uhttps://elibro.net/ereader/politecnicointernacional/38894 c80600d80600